| 000 | 00525nam a2200205Ia 4500 | ||
|---|---|---|---|
| 008 | 210210b2009 xxu||||| |||| 00| 0 eng d | ||
| 020 | _a9788120336032 | ||
| 041 | _aeng | ||
| 082 | _a515.35 PATI | ||
| 100 | _aPATNAIK (Rabindra Kumar) | ||
| 245 | _aIntroduction to differential equations | ||
| 260 |
_aNew Delhi _bPHI Learning Pvt. Ltd. _c2009 |
||
| 300 | _ax,282 | ||
| 650 | _ato | ||
| 650 | _aIntroduction | ||
| 650 | _aequations | ||
| 650 | _adifferential | ||
| 690 | _aDifferential Calculus | ||
| 906 | _a064803 | ||
| 999 |
_c141779 _d141779 |
||